[Event "World Chess Olympiad 2018"]
[Site "Batumi"]
[Date "2018.10.02"]
[Round "8"]
[Board "4"]
[WhiteFideId "912921"]
[White "Moldovanovic Dragan"]
[BlackFideId "10804714"]
[Black "Methu Joseph Muragu"]
[Result "1-0"]
[LiveChessVersion "1.4.8"]
[BlackElo "2041"]
[WhiteElo "2051"]

1. d4 {[%clk 1:30:53]} Nf6 {[%clk 1:30:50]} 2. c4 {[%clk 1:31:05]} g6
{[%clk 1:31:15]} 3. Nc3 {[%clk 1:31:18]} Bg7 {[%clk 1:31:38]} 4. Nf3
{[%clk 1:31:10]} O-O {[%clk 1:31:21]} 5. e4 {[%clk 1:30:49]} d6 {[%clk 1:31:31]}
6. Be2 {[%clk 1:31:08]} Nbd7 {[%clk 1:31:50]} 7. O-O {[%clk 1:30:51]} e5
{[%clk 1:32:10]} 8. d5 {[%clk 1:29:27]} Nc5 {[%clk 1:31:37]} 9. Qc2
{[%clk 1:29:13]} a5 {[%clk 1:31:55]} 10. Be3 {[%clk 1:27:36]} Ng4
{[%clk 1:32:13]} 11. Bxc5 {[%clk 1:25:06]} dxc5 {[%clk 1:29:49]} 12. Rad1
{[%clk 1:23:55]} f5 {[%clk 1:30:12]} 13. h3 {[%clk 1:23:56]} Nh6 {[%clk 1:30:36]}
14. Qd2 {[%clk 1:23:54]} Nf7 {[%clk 1:30:56]} 15. a3 {[%clk 1:16:32]} Nd6
{[%clk 1:29:04]} 16. Qe3 {[%clk 1:14:21]} b6 {[%clk 1:27:59]} 17. exf5
{[%clk 1:10:53]} e4 {[%clk 1:26:59]} 18. Ng5 {[%clk 1:01:39]} gxf5
{[%clk 1:25:32]} 19. Ne6 {[%clk 0:57:14]} Bxe6 {[%clk 1:23:46]} 20. dxe6
{[%clk 0:57:35]} f4 {[%clk 1:19:09]} 21. Qd2 {[%clk 0:56:25]} f3 {[%clk 1:15:14]}
22. gxf3 {[%clk 0:53:19]} Bxc3 {[%clk 1:11:44]} 23. Qd5 {[%clk 0:50:10]} Kh8
{[%clk 1:10:26]} 24. bxc3 {[%clk 0:48:38]} Qf6 {[%clk 0:36:15]} 25. fxe4
{[%clk 0:42:06]} Rg8+ {[%clk 0:23:21]} 26. Kh1 {[%clk 0:26:45]} Qf4
{[%clk 0:18:54]} 27. Rd3 {[%clk 0:26:32]} Rae8 {[%clk 0:17:05]} 28. e5
{[%clk 0:17:38]} Nf5 {[%clk 0:08:52]} 29. Bg4 {[%clk 0:12:41]} Ne7
{[%clk 0:05:30]} 30. Qf3 {[%clk 0:10:16]} Qxe5 {[%clk 0:04:37]} 31. Re3
{[%clk 0:10:12]} Qg7 {[%clk 0:03:31]} 32. Qf7 {[%clk 0:09:19]} Qg5
{[%clk 0:02:10]} 33. Qh5 {[%clk 0:09:16]} Qg7 {[%clk 0:01:43]} 34. Qe5
{[%clk 0:09:36]} Qxe5 {[%clk 0:01:02]} 35. Rxe5 {[%clk 0:09:56]} Ng6
{[%clk 0:01:31]} 36. Re4 {[%clk 0:08:55]} Rgf8 {[%clk 0:01:14]} 37. f4
{[%clk 0:09:00]} Kg7 {[%clk 0:01:03]} 38. f5 {[%clk 0:08:29]} Rxe6
{[%clk 0:00:36]} 39. Rxe6 {[%clk 0:08:28]} 1-0

[Event "World Chess Olympiad 2018"]
[Site "Batumi"]
[Date "2018.10.02"]
[Round "8"]
[Board "1"]
[WhiteFideId "7200013"]
[White "Rodgaard John"]
[BlackFideId "9200711"]
[Black "Alharari Mohammed Alsouri"]
[Result "1/2-1/2"]
[LiveChessVersion "1.4.8"]
[BlackElo "2038"]
[WhiteElo "2331"]

1. Nf3 {[%clk 1:30:54]} Nf6 {[%clk 1:30:56]} 2. c4 {[%clk 1:30:54]} c6
{[%clk 1:31:17]} 3. d4 {[%clk 1:27:20]} d5 {[%clk 1:31:29]} 4. e3
{[%clk 1:25:24]} e6 {[%clk 1:26:54]} 5. Nc3 {[%clk 1:24:16]} Bd6 {[%clk 1:27:10]}
6. Qc2 {[%clk 1:20:31]} Nbd7 {[%clk 1:20:24]} 7. Be2 {[%clk 1:17:07]} O-O
{[%clk 1:19:17]} 8. O-O {[%clk 1:14:16]} dxc4 {[%clk 1:12:42]} 9. Bxc4
{[%clk 1:08:27]} b5 {[%clk 1:11:30]} 10. Bd3 {[%clk 1:04:49]} Bb7
{[%clk 1:11:25]} 11. a3 {[%clk 0:54:55]} a6 {[%clk 1:09:45]} 12. b4
{[%clk 0:49:34]} h6 {[%clk 1:06:07]} 13. Bd2 {[%clk 0:35:40]} Qe7
{[%clk 0:59:01]} 14. Ne4 {[%clk 0:30:38]} Nxe4 {[%clk 0:52:54]} 15. Bxe4
{[%clk 0:31:04]} Nf6 {[%clk 0:53:19]} 16. Bd3 {[%clk 0:30:42]} Rfd8
{[%clk 0:48:52]} 17. Rfd1 {[%clk 0:25:22]} Rac8 {[%clk 0:46:22]} 18. e4
{[%clk 0:19:50]} e5 {[%clk 0:39:09]} 19. dxe5 {[%clk 0:16:13]} Bxe5
{[%clk 0:39:33]} 20. Nxe5 {[%clk 0:16:35]} Qxe5 {[%clk 0:39:59]} 21. Bc3
{[%clk 0:16:13]} Qg5 {[%clk 0:37:41]} 22. Rac1 {[%clk 0:13:37]} Nh5
{[%clk 0:26:15]} 23. g3 {[%clk 0:10:57]} Nf4 {[%clk 0:19:20]} 24. Bf1
{[%clk 0:08:45]} Ne6 {[%clk 0:19:12]} 25. Bg2 {[%clk 0:05:14]} c5
{[%clk 0:17:53]} 26. Qe2 {[%clk 0:04:55]} cxb4 {[%clk 0:14:52]} 27. axb4
{[%clk 0:04:07]} Rc4 {[%clk 0:14:31]} 28. Rxd8+ {[%clk 0:03:12]} Qxd8
{[%clk 0:13:50]} 29. Bd2 {[%clk 0:02:28]} Rxc1+ {[%clk 0:12:22]} 30. Bxc1
{[%clk 0:02:56]} Qd4 {[%clk 0:12:44]} 31. Bd2 {[%clk 0:02:26]} Ng5
{[%clk 0:12:20]} 32. Bxg5 {[%clk 0:02:06]} hxg5 {[%clk 0:12:45]} 33. Qe1
{[%clk 0:02:23]} g4 {[%clk 0:12:31]} 34. e5 {[%clk 0:02:23]} Bxg2
{[%clk 0:12:06]} 35. Kxg2 {[%clk 0:02:51]} Qd5+ {[%clk 0:12:30]} 36. Kg1
{[%clk 0:03:04]} Kf8 {[%clk 0:12:00]} 37. Qa1 {[%clk 0:01:29]} Qc6
{[%clk 0:11:26]} 38. Qd1 {[%clk 0:01:39]} Qe6 {[%clk 0:08:26]} 39. Qd8+
{[%clk 0:01:55]} Qe8 {[%clk 0:08:54]} 40. Qd5 {[%clk 0:31:09]} Qc8
{[%clk 0:38:03]} 41. Kg2 {[%clk 0:21:05]} g6 {[%clk 0:38:24]} 42. Qd4
{[%clk 0:18:22]} Qc6+ {[%clk 0:37:50]} 43. Kg1 {[%clk 0:08:15]} Qc1+
{[%clk 0:38:14]} 44. Kg2 {[%clk 0:08:37]} Qc6+ {[%clk 0:38:36]} 45. Kg1
{[%clk 0:09:01]} Qc1+ {[%clk 0:38:36]} 1/2-1/2

[Event "World Chess Olympiad 2018"]
[Site "Batumi"]
[Date "2018.10.02"]
[Round "8"]
[Board "2"]
[WhiteFideId "9202609"]
[White "Abo Moliana Montasar"]
[BlackFideId "7200420"]
[Black "Berg Olaf"]
[Result "0-1"]
[LiveChessVersion "1.4.8"]
[BlackElo "2248"]
[WhiteElo "1993"]

1. e4 {[%clk 1:30:58]} c5 {[%clk 1:30:54]} 2. Nf3 {[%clk 1:31:23]} d6
{[%clk 1:31:14]} 3. d4 cxd4 {[%clk 1:31:38]} 4. Nxd4 {[%clk 1:32:06]} Nf6
{[%clk 1:31:50]} 5. Nc3 {[%clk 1:32:28]} a6 {[%clk 1:32:13]} 6. Be3
{[%clk 1:32:49]} Ng4 {[%clk 1:32:31]} 7. Bc1 {[%clk 1:32:40]} Nc6
{[%clk 1:32:00]} 8. h3 {[%clk 1:31:23]} Qb6 {[%clk 1:28:51]} 9. Nd5
{[%clk 1:24:59]} Qxd4 {[%clk 1:27:00]} 10. hxg4 {[%clk 1:05:51]} Qxe4+
{[%clk 1:24:28]} 11. Be3 {[%clk 1:02:19]} Rb8 {[%clk 1:22:45]} 12. f3
{[%clk 0:53:18]} Qe5 {[%clk 1:19:33]} 13. c3 {[%clk 0:53:40]} e6 {[%clk 1:15:02]}
14. Rh5 {[%clk 0:43:36]} f5 {[%clk 1:15:17]} 15. Nc7+ {[%clk 0:43:54]} Kd8
{[%clk 1:12:50]} 16. Qd2 {[%clk 0:43:20]} Kxc7 {[%clk 1:10:27]} 17. O-O-O
{[%clk 0:43:32]} Qf6 {[%clk 1:07:27]} 18. gxf5 {[%clk 0:39:23]} exf5
{[%clk 1:07:07]} 19. g4 {[%clk 0:32:23]} g6 {[%clk 1:05:59]} 20. g5
{[%clk 0:31:01]} Qe7 {[%clk 1:00:23]} 21. Rh4 {[%clk 0:30:58]} h5
{[%clk 1:00:25]} 22. Rd4 {[%clk 0:21:10]} Nxd4 {[%clk 0:53:50]} 23. Qxd4
{[%clk 0:21:09]} Bd7 {[%clk 0:51:17]} 24. Qb6+ {[%clk 0:08:28]} Kc8
{[%clk 0:51:41]} 25. Bf4 {[%clk 0:07:59]} Qd8 {[%clk 0:49:28]} 26. Qa7
{[%clk 0:03:42]} Be7 {[%clk 0:46:25]} 27. Kb1 {[%clk 0:02:14]} Qc7
{[%clk 0:45:20]} 28. Rd4 {[%clk 0:01:57]} Bc6 {[%clk 0:44:47]} 29. Bc4
{[%clk 0:02:10]} Kd7 {[%clk 0:44:35]} 30. Bb3 {[%clk 0:01:02]} Ra8
{[%clk 0:44:28]} 0-1

[Event "World Chess Olympiad 2018"]
[Site "Batumi"]
[Date "2018.10.02"]
[Round "8"]
[Board "3"]
[WhiteFideId "7200315"]
[White "Poulsen Martin"]
[BlackFideId "9205365"]
[Black "Naser Eldean Ahmed"]
[Result "1-0"]
[LiveChessVersion "1.4.8"]
[BlackElo "1906"]
[WhiteElo "2239"]

1. e4 {[%clk 1:30:42]} e6 {[%clk 1:29:42]} 2. d4 {[%clk 1:26:44]} d5
{[%clk 1:26:00]} 3. exd5 {[%clk 1:27:00]} exd5 {[%clk 1:26:24]} 4. c4
{[%clk 1:27:26]} c6 {[%clk 1:26:33]} 5. Nc3 {[%clk 1:27:20]} Nf6 {[%clk 1:26:34]}
6. Nf3 {[%clk 1:20:25]} Be7 {[%clk 1:26:48]} 7. Bd3 {[%clk 1:18:19]} Bg4
{[%clk 1:27:04]} 8. h3 {[%clk 1:13:01]} Bh5 {[%clk 1:27:24]} 9. cxd5
{[%clk 1:11:06]} Nxd5 {[%clk 1:27:02]} 10. O-O {[%clk 1:04:25]} O-O
{[%clk 1:24:33]} 11. Re1 {[%clk 1:03:55]} Bf6 {[%clk 1:20:01]} 12. g4
{[%clk 0:44:27]} Bg6 {[%clk 1:20:16]} 13. Ne4 {[%clk 0:41:38]} Nd7
{[%clk 1:15:20]} 14. Nxf6+ {[%clk 0:31:02]} N7xf6 {[%clk 1:14:36]} 15. Ne5
{[%clk 0:30:16]} Nd7 {[%clk 1:09:38]} 16. f4 {[%clk 0:08:39]} Qh4
{[%clk 1:00:52]} 17. Kg2 {[%clk 0:07:15]} Nxe5 {[%clk 1:00:39]} 18. Rxe5
{[%clk 0:07:28]} f6 {[%clk 0:59:52]} 19. Re6 {[%clk 0:04:19]} Bf7
{[%clk 0:59:57]} 20. Qe1 {[%clk 0:04:01]} Qh6 {[%clk 0:54:35]} 21. Re4
{[%clk 0:03:50]} f5 {[%clk 0:54:23]} 22. gxf5 {[%clk 0:02:03]} Nf6
{[%clk 0:54:49]} 23. Re5 {[%clk 0:02:04]} Bd5+ {[%clk 0:55:06]} 24. Kh2
{[%clk 0:01:34]} Ng4+ {[%clk 0:55:04]} 25. Kg3 {[%clk 0:01:56]} Nxe5
{[%clk 0:55:21]} 26. dxe5 {[%clk 0:01:24]} Qh5 {[%clk 0:55:12]} 27. Qf2
{[%clk 0:01:04]} Qd1 {[%clk 0:54:40]} 28. Bc2 {[%clk 0:01:17]} Qh5
{[%clk 0:53:10]} 29. Be3 {[%clk 0:01:39]} b6 {[%clk 0:50:11]} 30. Rg1
{[%clk 0:02:04]} Bc4 {[%clk 0:46:56]} 31. b3 {[%clk 0:01:51]} Ba6
{[%clk 0:46:54]} 32. Rg2 {[%clk 0:01:22]} c5 {[%clk 0:46:09]} 33. Kh2
{[%clk 0:01:13]} Bb7 {[%clk 0:46:13]} 34. Rg5 {[%clk 0:00:41]} Qf7
{[%clk 0:46:27]} 35. f6 {[%clk 0:00:35]} g6 {[%clk 0:41:08]} 36. f5
{[%clk 0:01:02]} Qd5 {[%clk 0:40:21]} 37. fxg6 {[%clk 0:01:02]} h6
{[%clk 0:39:09]} 38. f7+ {[%clk 0:01:24]} 1-0

[Event "World Chess Olympiad 2018"]
[Site "Batumi"]
[Date "2018.10.02"]
[Round "8"]
[Board "1"]
[WhiteFideId "8800871"]
[White "Gontcharov Serguei"]
[BlackFideId "4300106"]
[Black "Dive Russell John"]
[Result "0-1"]
[LiveChessVersion "1.4.8"]
[BlackElo "2297"]
[WhiteElo "1875"]

1. e4 {[%clk 1:30:57]} c6 {[%clk 1:30:56]} 2. d4 {[%clk 1:31:23]} d5
{[%clk 1:31:23]} 3. e5 {[%clk 1:31:48]} Bf5 {[%clk 1:31:49]} 4. h4
{[%clk 1:32:14]} h5 {[%clk 1:32:13]} 5. c4 {[%clk 1:32:39]} e6 {[%clk 1:32:38]}
6. Nc3 {[%clk 1:32:57]} Ne7 {[%clk 1:32:49]} 7. Nge2 {[%clk 1:32:53]} Bg4
{[%clk 1:32:21]} 8. Qb3 {[%clk 1:32:06]} Qb6 {[%clk 1:32:03]} 9. c5
{[%clk 1:29:17]} Qc7 {[%clk 1:26:34]} 10. Ng3 {[%clk 1:29:23]} Nf5
{[%clk 1:25:50]} 11. Nxf5 {[%clk 1:27:44]} Bxf5 {[%clk 1:26:08]} 12. Bg5
{[%clk 1:27:17]} Nd7 {[%clk 1:25:52]} 13. Rd1 {[%clk 1:23:42]} f6
{[%clk 1:23:11]} 14. exf6 {[%clk 1:23:20]} gxf6 {[%clk 1:23:33]} 15. Be3
{[%clk 1:21:21]} e5 {[%clk 1:19:11]} 16. Bd3 {[%clk 1:17:20]} Bxd3
{[%clk 1:09:28]} 17. Rxd3 {[%clk 1:17:44]} Bh6 {[%clk 0:57:49]} 18. Ne2
{[%clk 0:48:10]} O-O-O {[%clk 0:55:01]} 19. Qa4 {[%clk 0:40:27]} a6
{[%clk 0:54:55]} 20. b4 {[%clk 0:40:36]} Rde8 {[%clk 0:54:20]} 21. Bxh6
{[%clk 0:37:13]} Rxh6 {[%clk 0:54:39]} 22. Re3 {[%clk 0:25:21]} Rhh8
{[%clk 0:46:47]} 23. Qd1 {[%clk 0:24:04]} f5 {[%clk 0:46:10]} 24. g3
{[%clk 0:21:23]} f4 {[%clk 0:31:40]} 25. gxf4 {[%clk 0:12:46]} e4
{[%clk 0:29:31]} 26. Kd2 {[%clk 0:10:48]} Nf6 {[%clk 0:29:22]} 27. f3
{[%clk 0:06:16]} exf3 {[%clk 0:28:33]} 28. Rxf3 {[%clk 0:06:40]} Qe7
{[%clk 0:27:53]} 29. Nc3 {[%clk 0:04:22]} Ne4+ {[%clk 0:27:09]} 30. Nxe4
{[%clk 0:03:20]} Qxe4 {[%clk 0:27:30]} 31. Kc3 {[%clk 0:03:19]} Rhg8
{[%clk 0:20:10]} 32. Qd3 {[%clk 0:03:39]} Qe6 {[%clk 0:20:11]} 33. f5
{[%clk 0:03:45]} Qf6 {[%clk 0:20:28]} 34. Rff1 {[%clk 0:02:49]} Rg2
{[%clk 0:17:09]} 35. Re1 {[%clk 0:02:21]} Reg8 {[%clk 0:17:24]} 36. Re6
{[%clk 0:02:32]} Qd8 {[%clk 0:14:50]} 37. Rhe1 {[%clk 0:02:43]} Qxh4
{[%clk 0:14:29]} 38. f6 {[%clk 0:02:07]} R2g3 {[%clk 0:11:51]} 39. Re8+
{[%clk 0:01:51]} Rxe8 {[%clk 0:10:38]} 40. Rxe8+ {[%clk 0:32:12]} Kd7
{[%clk 0:36:50]} 41. Re3 {[%clk 0:27:03]} Rxe3 {[%clk 0:37:02]} 42. Qxe3
{[%clk 0:27:23]} Qxf6 {[%clk 0:37:22]} 43. Qh3+ {[%clk 0:27:39]} Qe6
{[%clk 0:37:44]} 44. Qxh5 {[%clk 0:27:39]} Qe3+ {[%clk 0:38:02]} 45. Kc2
{[%clk 0:27:12]} Qf2+ {[%clk 0:32:13]} 46. Kd3 {[%clk 0:24:31]} Qg3+
{[%clk 0:32:34]} 47. Kc2 {[%clk 0:23:22]} Ke6 {[%clk 0:31:33]} 48. Qe8+
{[%clk 0:17:58]} Kf5 {[%clk 0:31:49]} 49. a4 {[%clk 0:14:40]} Qg6
{[%clk 0:28:51]} 50. Qxg6+ {[%clk 0:14:59]} Kxg6 {[%clk 0:29:13]} 51. Kd3
{[%clk 0:07:08]} Kf5 {[%clk 0:28:48]} 52. Ke3 {[%clk 0:07:33]} Kg4
{[%clk 0:29:13]} 53. a5 {[%clk 0:06:41]} Kg3 {[%clk 0:29:29]} 0-1

[Event "World Chess Olympiad 2018"]
[Site "Batumi"]
[Date "2018.10.02"]
[Round "8"]
[Board "2"]
[WhiteFideId "405647"]
[White "Hague Ben"]
[BlackFideId "8800170"]
[Black "Lill Sami"]
[Result "1-0"]
[LiveChessVersion "1.4.8"]
[BlackElo "1844"]
[WhiteElo "2405"]

1. e4 {[%clk 1:30:56]} e5 {[%clk 1:30:51]} 2. Nf3 {[%clk 1:30:22]} f5
{[%clk 1:31:12]} 3. Nxe5 {[%clk 1:30:32]} Qf6 {[%clk 1:31:32]} 4. d4
{[%clk 1:30:41]} d6 {[%clk 1:31:49]} 5. Nc4 {[%clk 1:31:04]} fxe4
{[%clk 1:32:11]} 6. Nc3 {[%clk 1:31:20]} Qg6 {[%clk 1:32:21]} 7. f3
{[%clk 1:30:56]} exf3 {[%clk 1:32:33]} 8. Qxf3 {[%clk 1:31:15]} Qg4
{[%clk 1:32:41]} 9. Be2 {[%clk 1:21:32]} Nf6 {[%clk 1:24:18]} 10. Qxf6
{[%clk 1:05:56]} Qxe2+ {[%clk 1:21:28]} 11. Kxe2 {[%clk 1:06:13]} gxf6
{[%clk 1:21:52]} 12. Nd5 {[%clk 1:06:18]} Bg4+ {[%clk 1:09:19]} 13. Kf2
{[%clk 1:04:55]} Kd8 {[%clk 1:07:15]} 14. Nxf6 {[%clk 1:01:16]} Bf5
{[%clk 1:03:06]} 15. Re1 {[%clk 0:54:14]} Be7 {[%clk 0:53:58]} 16. Nd5
{[%clk 0:53:11]} Rf8 {[%clk 0:51:29]} 17. Kg1 {[%clk 0:52:36]} Bh4
{[%clk 0:42:51]} 18. g3 {[%clk 0:46:09]} c6 {[%clk 0:35:22]} 19. Nde3
{[%clk 0:45:30]} Be7 {[%clk 0:33:32]} 20. Nxf5 {[%clk 0:44:48]} Rxf5
{[%clk 0:33:47]} 21. Bf4 {[%clk 0:44:14]} d5 {[%clk 0:28:32]} 22. Nd6
{[%clk 0:37:41]} Bxd6 {[%clk 0:25:19]} 23. Bxd6 {[%clk 0:38:04]} Kd7
{[%clk 0:25:21]} 24. Ba3 {[%clk 0:37:56]} Rf7 {[%clk 0:23:29]} 25. Rf1
{[%clk 0:37:51]} Rg7 {[%clk 0:21:24]} 26. Rf8 {[%clk 0:37:58]} Kc7
{[%clk 0:13:31]} 27. Re1 {[%clk 0:36:14]} a5 {[%clk 0:10:16]} 28. Ree8
{[%clk 0:36:13]} b6 {[%clk 0:06:31]} 29. Rc8+ {[%clk 0:36:08]} Kb7
{[%clk 0:05:39]} 30. Bd6 {[%clk 0:36:11]} 1-0

[Event "World Chess Olympiad 2018"]
[Site "Batumi"]
[Date "2018.10.02"]
[Round "8"]
[Board "3"]
[WhiteFideId "8800820"]
[White "Dacres Don"]
[BlackFideId "4300599"]
[Black "Kulashko Alexei"]
[Result "0-1"]
[LiveChessVersion "1.4.8"]
[BlackElo "2349"]
[WhiteElo "1780"]

1. e4 {[%clk 1:30:45]} c5 {[%clk 1:30:55]} 2. Nf3 {[%clk 1:31:07]} e6
{[%clk 1:31:21]} 3. c3 {[%clk 1:31:22]} d5 {[%clk 1:31:44]} 4. exd5
{[%clk 1:31:09]} exd5 {[%clk 1:32:08]} 5. d4 {[%clk 1:31:03]} a6 {[%clk 1:32:23]}
6. Be3 {[%clk 1:29:28]} c4 {[%clk 1:32:42]} 7. Be2 {[%clk 1:29:06]} Bd6
{[%clk 1:30:29]} 8. O-O {[%clk 1:29:03]} Ne7 {[%clk 1:29:29]} 9. Bg5
{[%clk 1:27:45]} O-O {[%clk 1:28:41]} 10. Nbd2 {[%clk 1:26:13]} Nbc6
{[%clk 1:28:14]} 11. Re1 {[%clk 1:26:04]} Qc7 {[%clk 1:24:55]} 12. Nf1
{[%clk 1:25:06]} h6 {[%clk 1:22:46]} 13. Bh4 {[%clk 1:25:18]} Nf5
{[%clk 1:20:00]} 14. Bg3 {[%clk 1:19:57]} Nxg3 {[%clk 1:17:56]} 15. Nxg3
{[%clk 1:20:15]} b5 {[%clk 1:15:48]} 16. a3 {[%clk 1:17:20]} Be6 {[%clk 1:12:07]}
17. Nd2 {[%clk 1:14:47]} Qd7 {[%clk 1:06:22]} 18. Bf3 {[%clk 1:13:41]} Ne7
{[%clk 1:02:21]} 19. Ndf1 {[%clk 1:12:21]} Rae8 {[%clk 0:54:54]} 20. Ne3
{[%clk 1:10:24]} f5 {[%clk 0:50:36]} 21. Nef1 {[%clk 1:08:17]} f4
{[%clk 0:45:53]} 22. Nh1 {[%clk 1:05:26]} g6 {[%clk 0:37:55]} 23. Nd2
{[%clk 1:00:08]} Kg7 {[%clk 0:36:31]} 24. Be2 {[%clk 0:49:09]} Ng8
{[%clk 0:35:04]} 25. Nf3 {[%clk 0:40:24]} Nf6 {[%clk 0:32:45]} 26. Ne5
{[%clk 0:38:48]} Qc7 {[%clk 0:32:48]} 27. h3 {[%clk 0:31:55]} h5 {[%clk 0:26:56]}
28. Bf1 {[%clk 0:21:27]} Ne4 {[%clk 0:23:41]} 29. Be2 {[%clk 0:20:16]} Bf5
{[%clk 0:20:25]} 30. Nf3 {[%clk 0:17:03]} Qd7 {[%clk 0:13:25]} 31. Bf1
{[%clk 0:15:52]} Kh6 {[%clk 0:12:15]} 32. Nd2 {[%clk 0:15:18]} g5
{[%clk 0:11:32]} 33. f3 {[%clk 0:13:46]} Nf6 {[%clk 0:10:59]} 34. Nf2
{[%clk 0:13:52]} Re3 {[%clk 0:10:01]} 35. Be2 {[%clk 0:13:26]} Rfe8
{[%clk 0:09:55]} 36. Nf1 {[%clk 0:13:51]} R3e6 {[%clk 0:09:54]} 37. Nh2
{[%clk 0:12:38]} Qe7 {[%clk 0:09:40]} 38. Kf1 {[%clk 0:12:29]} Bg6
{[%clk 0:08:34]} 39. Qd2 {[%clk 0:11:17]} Kg7 {[%clk 0:08:36]} 40. Qd1
{[%clk 0:40:40]} Ng8 {[%clk 0:38:48]} 41. Qd2 {[%clk 0:32:22]} Nh6
{[%clk 0:38:44]} 42. Rac1 {[%clk 0:30:36]} Nf5 {[%clk 0:38:46]} 43. Nh1
{[%clk 0:30:40]} Ng3+ {[%clk 0:37:52]} 44. Nxg3 {[%clk 0:29:24]} fxg3
{[%clk 0:38:16]} 45. Ng4 {[%clk 0:28:59]} hxg4 {[%clk 0:38:23]} 46. fxg4
{[%clk 0:28:43]} Bf4 {[%clk 0:38:34]} 47. Rc2 {[%clk 0:26:31]} Bxd2
{[%clk 0:38:49]} 48. Rxd2 {[%clk 0:26:49]} Qf7+ {[%clk 0:39:04]} 0-1

[Event "World Chess Olympiad 2018"]
[Site "Batumi"]
[Date "2018.10.02"]
[Round "8"]
[Board "4"]
[WhiteFideId "4303962"]
[White "Gong Daniel Hanwen"]
[BlackFideId "8800936"]
[Black "Cabral Daniel"]
[Result "1-0"]
[LiveChessVersion "1.4.8"]
[BlackElo "1618"]
[WhiteElo "2276"]

1. d4 {[%clk 1:30:56]} Nf6 {[%clk 1:30:49]} 2. Bf4 {[%clk 1:31:23]} g6
{[%clk 1:31:01]} 3. Nc3 {[%clk 1:31:48]} d5 {[%clk 1:31:04]} 4. e3
{[%clk 1:32:14]} Bg7 {[%clk 1:31:17]} 5. h4 {[%clk 1:32:39]} c6 {[%clk 1:30:08]}
6. Be2 {[%clk 1:31:22]} Qb6 {[%clk 1:30:00]} 7. a3 {[%clk 1:30:54]} h6
{[%clk 1:28:26]} 8. Nf3 {[%clk 1:31:04]} O-O {[%clk 1:27:23]} 9. O-O
{[%clk 1:29:28]} Bg4 {[%clk 1:17:21]} 10. Na4 {[%clk 1:28:28]} Qd8
{[%clk 1:14:20]} 11. Nc5 {[%clk 1:27:10]} b6 {[%clk 1:12:39]} 12. Nd3
{[%clk 1:27:25]} Nbd7 {[%clk 1:11:24]} 13. Nfe5 {[%clk 1:26:25]} Bxe2
{[%clk 1:08:23]} 14. Qxe2 {[%clk 1:26:54]} Rc8 {[%clk 1:07:30]} 15. Rfd1
{[%clk 1:20:32]} c5 {[%clk 0:51:40]} 16. dxc5 {[%clk 1:19:10]} bxc5
{[%clk 0:47:33]} 17. c4 {[%clk 1:19:04]} e6 {[%clk 0:46:15]} 18. Rac1
{[%clk 1:16:52]} Qe7 {[%clk 0:44:52]} 19. b4 {[%clk 1:12:30]} Nxe5
{[%clk 0:43:09]} 20. Bxe5 {[%clk 1:11:20]} Nd7 {[%clk 0:40:55]} 21. Bg3
{[%clk 1:09:51]} cxb4 {[%clk 0:26:11]} 22. axb4 {[%clk 1:07:17]} dxc4
{[%clk 0:25:24]} 23. Nc5 {[%clk 1:06:55]} Nxc5 {[%clk 0:25:07]} 24. bxc5
{[%clk 1:04:13]} e5 {[%clk 0:18:14]} 25. Qxc4 {[%clk 1:04:36]} Rc6
{[%clk 0:17:06]} 26. Rd5 {[%clk 1:02:34]} Rfc8 {[%clk 0:16:38]} 27. Qc3
{[%clk 1:01:10]} f6 {[%clk 0:14:01]} 28. Qd3 {[%clk 1:00:46]} f5 {[%clk 0:10:20]}
29. h5 {[%clk 0:55:16]} Rxc5 {[%clk 0:02:02]} 30. Rcxc5 {[%clk 0:55:24]} Rxc5
{[%clk 0:01:55]} 31. Rd8+ {[%clk 0:55:47]} Kh7 {[%clk 0:01:20]} 32. hxg6+
{[%clk 0:56:10]} Kxg6 {[%clk 0:01:34]} 33. Rd6+ {[%clk 0:56:37]} Kh7
{[%clk 0:01:21]} 34. Qxf5+ {[%clk 0:57:02]} Kg8 {[%clk 0:00:37]} 35. Rd7
{[%clk 0:51:17]} Qf6 {[%clk 0:00:34]} 36. Qd3 {[%clk 0:50:53]} a5
{[%clk 0:00:33]} 37. Rd8+ {[%clk 0:50:46]} Kf7 {[%clk 0:00:34]} 38. Rd6
{[%clk 0:50:01]} Kg8 {[%clk 0:00:37]} 39. Rxf6 {[%clk 0:50:22]} 1-0

[Event "World Chess Olympiad 2018"]
[Site "Batumi"]
[Date "2018.10.02"]
[Round "8"]
[Board "1"]
[WhiteFideId "1126768"]
[White "Belzo Krzysztof"]
[BlackFideId "12200875"]
[Black "Tagelsir Abubaker"]
[Result "0-1"]
[LiveChessVersion "1.4.8"]
[BlackElo "2236"]
[WhiteElo "2057"]

1. c4 {[%clk 1:30:57]} Nf6 {[%clk 1:30:36]} 2. g3 {[%clk 1:31:18]} g6
{[%clk 1:31:00]} 3. Bg2 {[%clk 1:31:46]} Bg7 {[%clk 1:31:23]} 4. Nc3
{[%clk 1:32:11]} O-O {[%clk 1:31:48]} 5. Nf3 {[%clk 1:32:36]} d6 {[%clk 1:32:06]}
6. d4 {[%clk 1:32:58]} Nc6 {[%clk 1:32:26]} 7. O-O {[%clk 1:33:19]} a6
{[%clk 1:32:45]} 8. h3 {[%clk 1:32:46]} Bd7 {[%clk 1:32:44]} 9. e4
{[%clk 1:32:44]} e5 {[%clk 1:33:07]} 10. Be3 {[%clk 1:27:19]} exd4
{[%clk 1:32:23]} 11. Nxd4 {[%clk 1:27:41]} Re8 {[%clk 1:32:49]} 12. Re1
{[%clk 1:24:52]} Ne5 {[%clk 1:29:50]} 13. b3 {[%clk 1:25:08]} c5 {[%clk 1:30:14]}
14. Nc2 {[%clk 1:16:36]} Bc6 {[%clk 1:23:08]} 15. Qd2 {[%clk 1:01:48]} b5
{[%clk 1:20:23]} 16. f4 {[%clk 0:57:10]} b4 {[%clk 1:19:52]} 17. Nd5
{[%clk 0:52:00]} Ned7 {[%clk 1:19:22]} 18. Nxf6+ {[%clk 0:40:11]} Qxf6
{[%clk 1:19:26]} 19. Rad1 {[%clk 0:35:19]} Bxe4 {[%clk 1:15:07]} 20. Bxe4
{[%clk 0:33:39]} Rxe4 {[%clk 1:15:29]} 21. Qxd6 {[%clk 0:33:50]} Qxd6
{[%clk 0:51:07]} 22. Rxd6 {[%clk 0:34:18]} Bc3 {[%clk 0:51:29]} 23. Red1
{[%clk 0:26:25]} Nf6 {[%clk 0:36:33]} 24. Bxc5 {[%clk 0:21:57]} a5
{[%clk 0:26:14]} 25. Rd8+ {[%clk 0:13:16]} Re8 {[%clk 0:26:36]} 26. Be7
{[%clk 0:12:22]} Kg7 {[%clk 0:26:08]} 27. Rxe8 {[%clk 0:05:34]} Rxe8
{[%clk 0:26:21]} 28. Bd8 {[%clk 0:06:00]} Re2 {[%clk 0:26:13]} 29. Nd4
{[%clk 0:06:09]} Rxa2 {[%clk 0:26:17]} 30. c5 {[%clk 0:05:47]} Ra1
{[%clk 0:19:55]} 31. Rxa1 {[%clk 0:01:55]} Bxd4+ {[%clk 0:20:14]} 32. Kf1
{[%clk 0:02:21]} Bxa1 {[%clk 0:20:40]} 33. c6 {[%clk 0:02:20]} Ne8
{[%clk 0:21:01]} 34. Bxa5 {[%clk 0:02:10]} Bc3 {[%clk 0:21:23]} 35. Ke2
{[%clk 0:01:54]} Kf6 {[%clk 0:18:32]} 36. Kd3 {[%clk 0:02:18]} Nd6
{[%clk 0:18:55]} 37. Bb6 {[%clk 0:02:05]} Ke6 {[%clk 0:19:06]} 38. Bd4
{[%clk 0:01:57]} Be1 {[%clk 0:18:57]} 39. g4 {[%clk 0:01:30]} Kd5
{[%clk 0:19:19]} 40. c7 {[%clk 0:31:31]} Kc6 {[%clk 0:49:30]} 41. Ke2
{[%clk 0:30:52]} Bc3 {[%clk 0:48:02]} 42. Bxc3 {[%clk 0:30:38]} bxc3
{[%clk 0:48:27]} 43. Kd3 {[%clk 0:30:54]} Kxc7 {[%clk 0:48:28]} 44. Kxc3
{[%clk 0:31:21]} Nb5+ {[%clk 0:48:34]} 45. Kd3 {[%clk 0:30:31]} f5
{[%clk 0:48:58]} 46. Ke3 {[%clk 0:29:19]} Kd6 {[%clk 0:49:13]} 47. b4
{[%clk 0:28:51]} Kd5 {[%clk 0:49:22]} 48. Kf3 {[%clk 0:29:15]} Nd4+
{[%clk 0:49:11]} 49. Kg3 {[%clk 0:29:36]} Ke4 {[%clk 0:49:36]} 50. b5
{[%clk 0:27:33]} Nxb5 {[%clk 0:49:49]} 51. g5 {[%clk 0:27:58]} Nc3
{[%clk 0:49:54]} 52. Kh4 {[%clk 0:28:22]} Nd5 {[%clk 0:50:18]} 53. Kg3
{[%clk 0:28:41]} Nxf4 {[%clk 0:50:42]} 0-1